Customer Relationship Management: (Record no. 78776)

MARC details
000 -LEADER
fixed length control field 00761nam a22002177a 4500
005 - DATE AND TIME OF LATEST TRANSACTION
control field 20130906112109.0
010 ## - LCCN (DPL NO)
LC control number B512445-450
020 ## - INTERNATIONAL STANDARD BOOK NUMBER
International Standard Book Number 9788177226225
035 ## - SYSTEM CONTROL NUMBER
System control number B512445-450
037 ## - SOURCE OF ACQUISITION
Stock number BSB/Ven
Source of stock number/acquisition DPL
082 ## - DEWEY DECIMAL CLASSIFICATION NUMBER
Classification number 658.812
100 ## - MAIN ENTRY--PERSONAL NAME
Personal name Kumar, Alok.
245 ## - TITLE STATEMENT
Title Customer Relationship Management:
Statement of responsibility, etc by Alok Kumar
Remainder of title Concepts & Application/
260 ## - PUBLICATION, DISTRIBUTION, ETC. (IMPRINT)
Place of publication, distribution, etc New Delhi
Name of publisher, distributor, etc Biztantra
Date of publication, distribution, etc 2007
270 ## - ADDRESS
Address 4435-36/7,Ansari Road,
City New Delhi
Postal code 110002
Telephone number 41563722
Fax number 91-11-23243078
Electronic mail address bt@dreamtechprees.com
300 ## - PHYSICAL DESCRIPTION
Extent xviii,350p.
Other physical details ill.
Dimensions 22cm.(Pbk)
700 ## - ADDED ENTRY--PERSONAL NAME
Personal name Sinha, Chhabi
710 ## - ADDED ENTRY--CORPORATE NAME
Corporate name or jurisdiction name as entry element Sharma, Rakesh
942 ## - ADDED ENTRY ELEMENTS (KOHA)
Source of classification or shelving scheme Dewey Decimal Classification
Item type English Books
Call number suffix Kum
Classification part 658.812
Holdings
Withdrawn status Lost status Not for loan Collection code Home library Current library Date acquired Source of acquisition Cost, normal purchase price Full call number Barcode Copy number Cost, replacement price Koha item type
      Non-fiction Central Library Central Library 05/09/2013 BSB/BL883/09.03.2013/169/08.03.2013/22.03.2013 379.00 658.812 Kum B-512445 1 379.00 English Books
      Non-fiction Janak Puri Janak Puri 05/09/2013 BSB/BL883/09.03.2013/169/08.03.2013/22.03.2013 379.00 658.812 Kum B-512447 1 379.00 English Books
      Non-fiction Karol Bagh Karol Bagh 05/09/2013 BSB/BL883/09.03.2013/169/08.03.2013/22.03.2013 379.00 658.812 Kum B-512448 1 379.00 English Books
      Non-fiction Narela Narela 05/09/2013 BSB/BL883/09.03.2013/169/08.03.2013/22.03.2013 379.00 658.812 Kum B-512449 1 379.00 English Books
  Written-off vide DLB M. No. 383 dt 16.05.19   Non-fiction Patel Nagar Patel Nagar 05/09/2013 BSB/BL883/09.03.2013/169/08.03.2013/22.03.2013 379.00 658.812 Kum B-512446 1 379.00 English Books
      Non-fiction Shahdara Branch Shahdara Branch 05/09/2013 BSB/BL883/09.03.2013/169/08.03.2013/22.03.2013 379.00 658.812 Kum B-512450 1 379.00 English Books

© Delhi Public Library
Hit Counter
free hit counter